000 00479nam a22001697a 4500
005 20240108131851.0
008 190427b xxu||||| |||| 00| 0 eng d
020 _a978-93-86700-15-5
041 _aeng
100 _aGUPTA, DR, G.B.,SHARMA,DR. SHAILESH.,AND SINGH ,HARSIMRAN
_98299
245 _aPRACTICAL MANUAL OF PHARMACOLOGY AND TOXICOLOGY
250 _a3rd ED, 2019
260 _aPUNE
_bNIRALI PRAKASHAN
300 _a1.2p,
650 _aPHARMACY
_xB.PHARMA
942 _cTXT
999 _c5825
_d5823